| 000 | 00421nam a2200169 a 4500 | ||
|---|---|---|---|
| 001 | 0000-9096 | ||
| 003 | ELIB.Books | ||
| 008 | 110520 1969 | ||
| 035 | _a(ELIB.Books)0000-9245 | ||
| 082 |
_a248 _bMil |
||
| 100 | _aMiller, Alther S. | ||
| 245 | _aUnder the Personage Roof | ||
| 260 |
_bChicago; Moody Press _c1969 |
||
| 650 | _aChristian Life | ||
| 942 |
_2ddc _cBK |
||
| 998 |
_cbat _e2011-05-20 |
||
| 999 |
_c9096 _d9096 |
||